1448 1060 1637 1326 1437 1162 1509 1765 1176 1647 1145 1841 1889 1844 1036 1691 1486 1348 1949 1567 1046 1273 1898 1258 1218 1713 1073 1696 1585 1094 1554 1106 1536 1162 1128 1870 1459 1731 1180 1431 1894 1763 1697 1930 1999 1904 1809 1592 1464 1829 1484 1768 1842 1299 1488 1420 1874 1349 1642 1853 1302 1192 1765 1456 1539 1822 1984 1965 1088 1847 1994 1959 1449 1438 1586 1731 1046 2000 1707 1040 1741 1268 1452 1550 1497 1117 1663 1358 1382 1202 1086 1856 1855 1944 1310 1808 1846 1776 1309 BCNSPRNW ULIB Ver.6.0+V

เปลี่ยนเป็นภาษาไทย

Change to English
 แสดงรายละเอียดบรรณานุกรม
  กลับหน้าหลัก

Brief Record : Get Marc (ISO 2709) : E-mail record : QR code < ปิดหน้าต่าง
LEADER : 00000nam 2200000uu 4500
001    13399112134
003     ULIB
008    110727s2549||||th 000 0 tha d
020    9749980166
050  4 HA62^bร242ส 2549
100 0  ระพินทร์ โพธิ์ศรี
245 10 สถิติเพื่อการวิจัย =^bStatistics for research /^cระพินทร์ โพธิ์ศรี
246 31 Statistics for research
250    พิมพ์ครั้งที่ 1
260    กรุงเทพฯ :^bสำนักพิมพ์แห่งจุฬาลงกรณ์มหาวิทยาลัย,^c2549.
300    292 หน้า :^bภาพประกอบ ;^c26 ซม.+^eซีดี 1 แผ่น
650  4 สถิติ
945    ^p220^l0^i022177
945    ^p220^l0^i022178
945    ^p220^l0^i022241
945    ^p220^l0^i022242
945    ^p220^l0^i022243
995    ทศพร
999 ^a ทศพร
รายการนี้ยังไม่มีแท็ก
คุณยังไม่ได้ล็อกอิน คุณสามารถมีกิจกรรมร่วมกับเว็บไซต์ได้ แต่ต้องล็อกอินก่อน ::
  ล็อกอิน

รายการสื่อสารสนเทศ

ลำดับที่ ประเภท เลขเรียก/บาร์โค้ด สถานที่ สถานะ
- ไม่พบข้อมูล -

รายการใกล้เคียง
    ผู้แต่ง [ระพินทร์ โพธิ์ศรี]

    หัวเรื่อง [สถิติ]

BibComment


ยังไม่เคยถูกคอมเมนท์

คอมเมนท์ทรัพยากรรายการนี้
  คอมเมนท์: สถิติเพื่อการวิจั..


 Copyright 2026. Bcnsprnw @Library